00657 2200241 4500001002100000005001700021008004100038020001800079035002400097082001000121090001700131100001500148245007400163260002900237300002200266500003200288650003400320850001500354980001300369985000600382986001200388999001500400YOGYA-0209000000300420090227020604.0 ind  a979-669-020-9 0010-020900000003004 a510.7 a510.7bGun P aGUNAWAN, J aPangkat tak sebenarnya, eksponen, dan persamaan eksponencJ. Goenawan aJakartabGrasindoc21 cm avi, 90 hlmc21 cm aUntuk Sekolah Menengah Umum aMatematika - Ujian, soal, dsb aYOPDYOG(B) a4-1-2006 a1 aPrRTREV a00P0000035